Kombinovaný deficit proteínu C a proteínu S

Bibliographic Details
Main Authors: Kubisz, Peter, 1942-2022 (Author), Dobrotová, Marta (Author), Hudeček, Jan, 1953- (Author), Jurášková, D. (Author)
Format: Article
Language:Slovak
PhysicalDescription:Res. angl., češ., lit. 11 zázn. v angl., češ., franc., nem.
Subjects:

MARC

LEADER 00000nab a2200000 a 4500
001 vtls000491715
003 SK-MaSNL
005 20260501054906.0
008 250424c1993 xo 0 slo
015 |a SNBRB19rr/mm-uuuuu 
035 |a CL0491853 
035 |a urn:nbn:sk:snk-aba4bx 
035 |a (urnnbn)urn:nbn:sk:snk:ar-a09fo9 
035 |a (uuid)306fb0d9-77e2-4678-b064-efeeb5029fd0 
040 |a SNKBUCL  |b slo  |c SNKBUCL  |e AACR2 
041 0 |a slo 
044 |a xo  |c SK 
080 |a 616.151-005.6  |2 1981 
245 0 0 |a Kombinovaný deficit proteínu C a proteínu S  |c Peter Kubisz ... [et al.] 
300 |b Res. angl., češ., lit. 11 zázn. v angl., češ., franc., nem. 
650 0 7 |a trombóza  |2 snkbucl  |9 14839 
650 0 7 |a proteín C  |2 snkbucl  |9 1189956 
650 0 7 |a proteín S  |2 snkbucl  |9 1411084 
655 7 |a články z novín a časopisov  |2 snkbucl  |9 267496 
700 1 |a Kubisz, Peter,  |d 1942-2022  |4 aut  |9 192814 
700 1 |a Dobrotová, Marta  |4 aut  |9 822566 
700 1 |a Hudeček, Jan,  |d 1953-  |4 aut  |9 200656 
700 1 |a Jurášková, D.  |4 aut  |9 1120214 
773 0 |t Hematológia a transfuziológia  |g Roč. 3, č. 3 (1993), s. 40-43 
850 |a Slovenská národná knižnica 
852 |a Slovenská národná knižnica 
954 |a odborná, vedecká literatúra pôvodná (slovenská)  |2 lita 
958 |a article13 
958 |a RK 
958 |a MI 
958 |a NB 
958 |a OND 
958 |a EUIPO 
992 |a RBX 
999 |c 3009142  |d 3011072